000 00830cam a2200253 a 4500
999 _c2506
_d2506
003 OSt
005 20201110085656.0
008 020417s2001 dcua 001 0 eng d
020 _a0792268946
020 _a9780792268949
040 _aIGP
_cKABLIB
_dKABLIB
082 0 0 _a909.097
_223
_bWOR
245 0 4 _aThe World of Islam /
_cedited by Don Belt.
246 2 0 _aIslam.
260 _aWashington, D.C. :
_bNational Geographic Society ;
_cc2001.
300 _a285 p. :
_bcol. ill. ;
_c26 cm.
500 _aIncludes index.
650 0 _aIslam
_xHistory.
_96792
651 0 _aIslamic countries
_xCivilization.
_96793
700 1 _aBelt, Don.
_eEditor.
_96794
710 2 _aNational Geographic Society (U.S.)
_92046
856 4 2 _3Publisher description
_uhttp://www.loc.gov/catdir/description/simon032/2002280305.html
942 _2ddc
_cBOOK